00534nam a2200169Ia 4500008004100000020001800041082001900059100001500078245004400093250000700137260003000144300001100174440002500185650003900210952009800249999001700347120622s9999 xx 000 0 und d a968-427-178-6 a901 B868p 1992 aBrom, Juan aPara comprender la historia / Juan Brom a61 aMéxico : Nuestro Tiempo a187 p. aLa cultura al pueblo a1. HISTORIA \ 2. HISTORIOGRAFIAÌ 00102lcc4070a22b22d2007-01-25l0o901 B868P 1992p01 001353r2023-07-15w2012-06-24yLB c56929d56929